Statistics for 北アメリカの国々

Click here to take the quiz!

General Stats

  • This quiz has been taken 162 times
  • The average score is 13 of 23

Answers on the Map

Answers color-coded by a green-red scale on the quiz's map according to % correct below.
 

Answer Stats

% Correct
アメリカ
98%
メキシコ
98%
カナダ
98%
パナマ
84%
キューバ
83%
ドミニカ共和国
72%
ジャマイカ
65%
ハイチ
60%
ホンジュラス
58%
グアテマラ
58%
ドミニカ国
58%
ベリーズ
58%
コスタリカ
57%
ニカラグア
56%
エルサルバドル
48%
トリニダード・トバゴ
42%
アンティグア・バーブーダ
39%
セントビンセント及びグレナディーン諸島
36%
バルバドス
35%
セントルシア
34%
セントクリストファー・ネイビス
28%
グレナダ
27%
バハマ
24%

Score Distribution

Percentile by Number Answered

Percent of People with Each Score

Your Score History

You have not taken this quiz